Les pays qui ont utilisé la peine de mort en 2024 - Statistiques

Statistiques générales
  • Ce quiz a été pris 108 fois
  • Le résultat moyen est 10 sur 15
Statistiques - réponses
Continent Réponse % Correct
Asie Chine
94%
Amerique États-Unis
94%
Asie Irak
85%
Asie Iran
84%
Asie Afghanistan
81%
Asie Arabie Saoudite
81%
Asie Corée du Nord
77%
Asie Syrie
76%
Asie Yemen
70%
Asie Oman
60%
Afrique Somalie
55%
Asie Koweït
51%
Afrique Égypte
48%
Asie Vietnam
46%
Asie Singapour
29%
Aucun quiz correspondant
Distribution des résultats
% des personnes avec chaque résultat
Percentile par nombre de réponses
Votre historique - résultats
Vous n’avez pas pris ce quiz